000 00776nam a22001937a 4500
999 _c370064
_d370064
008 201130b ||||| |||| 00| 0 eng d
040 _bger
_cDE-2950
_erda
_aDE-2950
041 _ager
100 _aAdam, Steffen:
245 _aPedalritter glücklich: Es geht endlich wieder los!
_bMOZ-Aktion: Nach einjähriger Corona-Zwangspause hat am Sonntag die Tour de MOZ wieder Fahrt aufgenommen. Die erste Etappe startete in Wriezen./
_cSteffen Adam
264 _c2021
653 _aFrankfurt (Oder)
653 _aTour de MOZ
773 _dFrankfurt (Oder): Märkisches Verlags- und Druckhaus GmbH & Co KG
_g32. Jahrgang (2021) Nr. 172 vom 27.07.2021, S. 16: Foto
_tMärkische Oderzeitung
942 _cA